Pirates don't change diapers / (Record no. 4773)

MARC details
000 -LEADER
fixed length control field 01016nam a22002897a 4500
001 - CONTROL NUMBER
control field 4773
003 - CONTROL NUMBER IDENTIFIER
control field FISKH
005 - DATE AND TIME OF LATEST TRANSACTION
control field 20250327082943.0
008 - FIXED-LENGTH DATA ELEMENTS--GENERAL INFORMATION
fixed length control field 241010b cb ||||| |||| 00| 0 eng d
020 ## - INTERNATIONAL STANDARD BOOK NUMBER
International Standard Book Number 9780545081061
040 ## - CATALOGING SOURCE
Original cataloging agency FISKH
Language of cataloging eng
Transcribing agency FISKH
Modifying agency FISKH
050 ## - LIBRARY OF CONGRESS CALL NUMBER
Classification number PZ7.L856
082 ## - DEWEY DECIMAL CLASSIFICATION NUMBER
Classification number 813.6
100 ## - MAIN ENTRY--PERSONAL NAME
Personal name Long, Melinda
Dates associated with a name (1960-)
245 ## - TITLE STATEMENT
Title Pirates don't change diapers /
Statement of responsibility, etc. Written by Melinda Long Illustrated by David Shannon
250 ## - EDITION STATEMENT
Edition statement First printing in 2008
260 ## - PUBLICATION, DISTRIBUTION, ETC.
Place of publication, distribution, etc. Orlando :
Name of publisher, distributor, etc. Scholastic,
Date of publication, distribution, etc. 2007.
300 ## - PHYSICAL DESCRIPTION
Extent 30 pages :
Other physical details Color illustrations ;
Dimensions 28 cm
505 ## - FORMATTED CONTENTS NOTE
Formatted contents note J<br/>
520 ## - SUMMARY, ETC.
Summary, etc. Braid Beard and his pirate crew return to retrieve the treasure they buried in Jeremy Jacob's backyard, but first they must help calm his baby sister, Bonney Anne, whom they awoke from her nap.
521 8# - TARGET AUDIENCE NOTE
Target audience note 500L<br/>
Source Lexile<br/>
521 8# - TARGET AUDIENCE NOTE
Target audience note J<br/>
Source Raz-Plus<br/>
650 ## - SUBJECT ADDED ENTRY--TOPICAL TERM
Source of heading or term Family
Topical term or geographic name entry element Babysitting
650 ## - SUBJECT ADDED ENTRY--TOPICAL TERM
Source of heading or term Treasure
Topical term or geographic name entry element Pirates
Form subdivision Siblings
700 ## - ADDED ENTRY--PERSONAL NAME
Personal name Shannon, David
Dates associated with a name Illustrator
942 ## - ADDED ENTRY ELEMENTS (KOHA)
Source of classification or shelving scheme Dewey Decimal Classification
Koha item type Books
Suppress in OPAC No
Holdings
Withdrawn status Lost status Source of classification or shelving scheme Damaged status Not for loan Collection Home library Current library Shelving location Date acquired Total Checkouts Full call number Barcode Date last seen Copy number Price effective from Koha item type
    Dewey Decimal Classification     Fiction Footprints International School Library Network Toul Kork Campus Footprints International School Library Network Toul Kork Campus TK Primary Library Room(4th Floor), Bookcase 1&2, Shelves 1-16, Dark Blue Books 10/10/2024   LON 813.6 PZ7.L856 2024-2118 10/10/2024 1 10/10/2024 Books
    Dewey Decimal Classification     Juvenile Fiction Footprints International School Library Network Toul Tom Poung Campus Footprints International School Library Network Toul Tom Poung Campus TTP Primary Dark Blue Bookshelves 03/27/2025   LON 813.6 PZ7.L856 2025-0815 03/27/2025 2 03/27/2025 Books